[Event "España ch 2010 sub-14"]
[Site "Linares ESP"]
[Date "2010.07.17"]
[Round "8.17"]
[White "Nieves Cabanes, Javier"]
[Black "Montoliu Cervero, Francisco"]
[Result "1/2-1/2"]
[WhiteElo "1754"]
[BlackElo "2153"]
[PlyCount "110"]
[EventDate "2010.07.13"]
[EventType "swiss"]
[EventRounds "9"]
[EventCountry "ESP"]
[Source "lmi"]
[SourceDate "2010.07.13"]

1. d4 d5 2. c4 c6 3. Nf3 Nf6 4. Qc2 dxc4 5. Qxc4 Bf5 6. g3 e6 7. Bg2 Nbd7 8.
O-O Be7 9. Nc3 O-O 10. Re1 Ne4 11. Nd2 Nxc3 12. Qxc3 Rc8 13. e4 Bg6 14. b4 b6
15. Bb2 f6 16. Qb3 Bf7 17. Rad1 Qc7 18. d5 e5 19. b5 Nc5 20. Qe3 cxb5 21. Qe2
b4 22. Bh3 Rcd8 23. Nc4 Bd6 24. Qg4 Be8 25. Qe2 Bd7 26. Bg2 Bb5 27. Rc1 a5 28.
Qd2 Bxc4 29. Rxc4 b5 30. Rcc1 Qb7 31. Rc2 Qd7 32. Rec1 Rc8 33. Qe3 Qe7 34. Bf1
Rc7 35. Bxb5 Rb8 36. Bc6 Na6 37. Qd3 b3 38. Qxa6 bxc2 39. Rxc2 Ra7 40. Qc4 h6
41. Ba3 Rb1+ 42. Kg2 Kh7 43. Bxd6 Qxd6 44. Qc5 Qxc5 45. Rxc5 Rb8 46. Kf3 g6 47.
Bb5 Kg7 48. a4 Kf7 49. Ke3 Ke7 50. Kd3 g5 51. Rc6 Rd8 52. Re6+ Kf7 53. Rc6 h5
54. h3 h4 55. g4 Kg6 1/2-1/2

[Event "España ch 2010 sub-14"]
[Site "Linares ESP"]
[Date "2010.07.17"]
[Round "8.18"]
[White "Garcia-Castany Musellas, Gal.la"]
[Black "Acosta Sosa, Juan Manuel"]
[Result "0-1"]
[WhiteElo "1753"]
[BlackElo "2023"]
[PlyCount "44"]
[EventDate "2010.07.13"]
[EventType "swiss"]
[EventRounds "9"]
[EventCountry "ESP"]
[Source "lmi"]
[SourceDate "2010.07.13"]

1. e4 c5 2. Nf3 Nc6 3. d4 cxd4 4. Nxd4 g6 5. Nc3 Bg7 6. Be3 Nf6 7. Bc4 O-O 8.
Bb3 d6 9. f3 Bd7 10. Qd2 a6 11. h4 h5 12. O-O-O b5 13. Nd5 Ne5 14. Bh6 Nxd5 15.
Bxd5 Rc8 16. g4 e6 17. Bb3 Qf6 18. Bxg7 Kxg7 19. gxh5 gxh5 20. Rdg1+ Kh7 21. f4
Qxf4 22. Rg5 Nd3+ 0-1

[Event "España ch 2010 sub-14"]
[Site "Linares ESP"]
[Date "2010.07.17"]
[Round "8.19"]
[White "Rodriguez Garcia, Carlos"]
[Black "Buendia Pinar, Alvaro"]
[Result "1/2-1/2"]
[WhiteElo "1752"]
[BlackElo "1905"]
[PlyCount "39"]
[EventDate "2010.07.13"]
[EventType "swiss"]
[EventRounds "9"]
[EventCountry "ESP"]
[Source "lmi"]
[SourceDate "2010.07.13"]

1. e4 c5 2. Nf3 Nc6 3. Bb5 g6 4. Bxc6 bxc6 5. d3 d5 6. O-O Bg7 7. c3 e6 8. Be3
Qa5 9. Nbd2 Qb5 10. Nb3 c4 11. dxc4 Qxc4 12. exd5 cxd5 13. Bd4 Bxd4 14. Qxd4
Qxd4 15. Nfxd4 Bd7 16. Nd2 Rb8 17. b3 Nf6 18. c4 dxc4 19. bxc4 Ke7 20. Rac1
1/2-1/2

[Event "España ch 2010 sub-14"]
[Site "Linares ESP"]
[Date "2010.07.17"]
[Round "8.20"]
[White "Jimenez Peñafiel, Gustavo"]
[Black "Calle Moreau, Sergio"]
[Result "1/2-1/2"]
[WhiteElo "1746"]
[BlackElo "1897"]
[PlyCount "55"]
[EventDate "2010.07.13"]
[EventType "swiss"]
[EventRounds "9"]
[EventCountry "ESP"]
[Source "lmi"]
[SourceDate "2010.07.13"]

1. e4 c5 2. Nf3 Nc6 3. d4 cxd4 4. Nxd4 g6 5. c4 Nf6 6. Nc3 d6 7. Be2 Nxd4 8.
Qxd4 Bg7 9. Qd1 O-O 10. Be3 Be6 11. O-O a6 12. Rc1 Rc8 13. b3 Qa5 14. f3 b5 15.
Nd5 Nxd5 16. cxd5 Bd7 17. Qd2 Qxd2 18. Bxd2 Bb2 19. Rxc8 Rxc8 20. Bd3 Bc3 21.
Bxc3 Rxc3 22. Rd1 a5 23. Kf2 Kg7 24. Ke2 Kf6 25. Rd2 Ke5 26. Ke3 b4 27. Rc2
Rxc2 28. Bxc2 1/2-1/2

[Event "España ch 2010 sub-14"]
[Site "Linares ESP"]
[Date "2010.07.17"]
[Round "8.21"]
[White "Arellano Pardo, Martin"]
[Black "Alonso Vara, Maria"]
[Result "0-1"]
[WhiteElo "1878"]
[BlackElo "1736"]
[PlyCount "106"]
[EventDate "2010.07.13"]
[EventType "swiss"]
[EventRounds "9"]
[EventCountry "ESP"]
[Source "lmi"]
[SourceDate "2010.07.13"]

1. e4 c5 2. d4 cxd4 3. c3 dxc3 4. Nxc3 Nc6 5. Nf3 e6 6. Bc4 Nf6 7. O-O Qc7 8.
Qe2 Ng4 9. Nb5 Qb8 10. h3 h5 11. g3 a6 12. Nc3 Nge5 13. Nxe5 Nxe5 14. Bf4 Bd6
15. Bb3 h4 16. g4 Nf3+ 17. Qxf3 Bxf4 18. Ne2 Bh2+ 19. Kg2 Be5 20. Rab1 b5 21.
Rfd1 Bb7 22. Bc2 Qc7 23. Rd2 Rd8 24. Kf1 Qa5 25. Qd3 Qxa2 26. f4 Bb8 27. f5 Rc8
28. Qd4 O-O 29. Qd3 Qc4 30. Qe3 Qc7 31. Qg5 Qd8 32. Qh5 Rxc2 33. Rxc2 Bxe4 34.
Rbc1 Bxc2 35. Rxc2 Qf6 36. Ng1 exf5 37. gxf5 g6 38. Qg4 Qxf5+ 39. Qxf5 gxf5 40.
Nf3 Bg3 41. Rd2 d6 42. Nd4 f4 43. Nf5 f3 44. Nxd6 Rd8 45. Ne4 Rxd2 46. Nxd2 f2
47. Ne4 Kg7 48. b3 Kg6 49. b4 Kf5 50. Nc5 Ke5 51. Nxa6 Kd4 52. Ke2 Kc4 53. Kf1
Bd6 0-1

[Event "España ch 2010 sub-14"]
[Site "Linares ESP"]
[Date "2010.07.17"]
[Round "8.22"]
[White "Martin Prior, Francisco Jose"]
[Black "Ordoñez Torres, Maria Del Carme"]
[Result "1-0"]
[WhiteElo "1710"]
[BlackElo "1871"]
[PlyCount "111"]
[EventDate "2010.07.13"]
[EventType "swiss"]
[EventRounds "9"]
[EventCountry "ESP"]
[Source "lmi"]
[SourceDate "2010.07.13"]

1. d4 Nf6 2. c4 e6 3. Nf3 d5 4. Nc3 Bb4 5. Bg5 Nbd7 6. e3 c5 7. Bxf6 Nxf6 8.
dxc5 Qa5 9. Qb3 Bd7 10. a3 Bxc3+ 11. bxc3 O-O 12. Ne5 dxc4 13. Bxc4 Qxc5 14.
Nxd7 Nxd7 15. Be2 Rac8 16. O-O Rc7 17. Rac1 Nf6 18. Rfd1 Ne4 19. c4 Nd6 20. Rd4
Rfc8 21. Rcd1 Rc6 22. Qb4 Qxb4 23. axb4 Ne8 24. c5 b6 25. Bb5 R6c7 26. Rd8 Kf8
27. Bxe8 Rxd8 28. Rxd8 Ke7 29. Rb8 bxc5 30. bxc5 Rxc5 31. Bb5 Rc1+ 32. Bf1 Kd6
33. g3 Kc7 34. Rf8 a5 35. Rxf7+ Kb6 36. Rf4 Ra1 37. Kg2 a4 38. Rb4+ Kc5 39.
Rb5+ Kc6 40. Ra5 Kb6 41. Ra6+ Kc5 42. Rxe6 a3 43. Re4 Rc1 44. Ra4 Rc3 45. h4
Rb3 46. Bc4 Rc3 47. Bg8 Kb5 48. Ra7 Kb6 49. Ra8 Kb7 50. Ra4 Kb6 51. Bxh7 Kb5
52. Ra8 Kb4 53. Bg8 Rc2 54. Rb8+ Ka5 55. Rb7 Ka6 56. Rb3 1-0

[Event "España ch 2010 sub-14"]
[Site "Linares ESP"]
[Date "2010.07.17"]
[Round "8.23"]
[White "Garcia Rodriguez, Sara"]
[Black "Fernandez Gil, Ruben Carlos"]
[Result "0-1"]
[WhiteElo "1867"]
[BlackElo "1721"]
[PlyCount "102"]
[EventDate "2010.07.13"]
[EventType "swiss"]
[EventRounds "9"]
[EventCountry "ESP"]
[Source "lmi"]
[SourceDate "2010.07.13"]

1. d4 Nf6 2. c4 c5 3. d5 e6 4. Nc3 exd5 5. cxd5 d6 6. e4 g6 7. Bd3 Bg7 8. h3
O-O 9. Nf3 a6 10. a4 Nbd7 11. O-O Re8 12. Re1 Qe7 13. Bf4 Nh5 14. Bh2 Ne5 15.
Be2 Nxf3+ 16. Bxf3 Be5 17. Bxh5 Bxh2+ 18. Kxh2 Qe5+ 19. Kg1 gxh5 20. Re3 h4 21.
Rf3 Bd7 22. a5 Qg5 23. Qc1 Qxc1+ 24. Rxc1 Re5 25. Rf4 Rh5 26. Kh2 Rh6 27. Ne2
b5 28. Rc3 f6 29. Ng1 b4 30. Rc2 Rb8 31. Nf3 Rb5 32. Nxh4 Rxa5 33. Nf5 Bxf5 34.
exf5 Ra1 35. Rd2 Re1 36. Rf3 Rh5 37. g4 Rg5 38. Rf4 Rg7 39. Kg2 Rge7 40. Kf3 a5
41. h4 h6 42. b3 Kf8 43. Rc4 Rb1 44. Rd3 Rb2 45. Kg3 Ree2 46. f3 Rbd2 47. Rxd2
Rxd2 48. Kf4 Rxd5 49. Re4 Rd3 50. Re6 Kf7 51. g5 Rd4+ 0-1

[Event "España ch 2010 sub-14"]
[Site "Linares ESP"]
[Date "2010.07.17"]
[Round "8.24"]
[White "Pozanco Romasanta, Marc"]
[Black "Juanes Garcia, Olaya"]
[Result "1-0"]
[WhiteElo "1843"]
[BlackElo "1655"]
[PlyCount "55"]
[EventDate "2010.07.13"]
[EventType "swiss"]
[EventRounds "9"]
[EventCountry "ESP"]
[Source "lmi"]
[SourceDate "2010.07.13"]

1. Nf3 Nc6 2. d4 e6 3. e3 Nf6 4. c4 b6 5. Nc3 Bb7 6. Bd3 Be7 7. a3 O-O 8. Qc2
d6 9. e4 h6 10. b4 Re8 11. h3 Bf8 12. O-O e5 13. d5 Ne7 14. Nh2 Ng6 15. Ne2 Nh5
16. f4 exf4 17. Nxf4 Nhxf4 18. Bxf4 Bc8 19. Qf2 Qe7 20. Rae1 a5 21. e5 dxe5 22.
Bxe5 Qd7 23. Bxg6 fxg6 24. Bc3 Bb7 25. Rxe8 Qxe8 26. Ng4 axb4 27. axb4 Ra4 28.
Nf6+ 1-0

[Event "España ch 2010 sub-14"]
[Site "Linares ESP"]
[Date "2010.07.17"]
[Round "8.25"]
[White "Zalaya Gracia, Alejandro"]
[Black "Monge Gilgado, Eva Maria"]
[Result "1/2-1/2"]
[WhiteElo "1634"]
[BlackElo "1811"]
[PlyCount "59"]
[EventDate "2010.07.13"]
[EventType "swiss"]
[EventRounds "9"]
[EventCountry "ESP"]
[Source "lmi"]
[SourceDate "2010.07.13"]

1. d4 e6 2. Nf3 f5 3. Nc3 Nf6 4. Bg5 Be7 5. Bxf6 Bxf6 6. e4 O-O 7. exf5 exf5 8.
Bc4+ Kh8 9. O-O c6 10. Ne2 d5 11. Bd3 Re8 12. c3 Qd6 13. Qc2 g6 14. Rfe1 Be6
15. Qd2 Nd7 16. Kh1 b6 17. Bc2 c5 18. Rad1 c4 19. Nf4 Bf7 20. Ba4 Rad8 21. Nh3
a6 22. Bxd7 Rxd7 23. Ne5 Bxe5 24. dxe5 Qe7 25. Qd4 Qc5 26. Ng5 Qxd4 27. Rxd4
Bg8 28. f4 Kg7 29. g3 b5 30. h3 1/2-1/2

[Event "España ch 2010 sub-14"]
[Site "Linares ESP"]
[Date "2010.07.18"]
[Round "9.1"]
[White "Santos Latasa, Jaime"]
[Black "Antunez Muñoz, Juan Jesus"]
[Result "1-0"]
[WhiteElo "2255"]
[BlackElo "1748"]
[PlyCount "79"]
[EventDate "2010.07.13"]
[EventType "swiss"]
[EventRounds "9"]
[EventCountry "ESP"]
[Source "lmi"]
[SourceDate "2010.07.13"]

1. d4 Nf6 2. c4 g6 3. g3 Bg7 4. Bg2 c5 5. Nf3 cxd4 6. Nxd4 Nc6 7. Nc2 O-O 8.
O-O d6 9. Nc3 Be6 10. b3 Qd7 11. Bb2 Bh3 12. Rb1 Bxg2 13. Kxg2 Rfc8 14. e4 a5
15. Qe2 Nb4 16. Nd4 Qg4 17. f3 Qg5 18. Rbd1 h5 19. Bc1 Qc5 20. Be3 Qc7 21. Rc1
Nc6 22. Ndb5 Qd8 23. Rfd1 Nd7 24. Na4 b6 25. Qf2 Rab8 26. Rd2 Rb7 27. Bg5 Bf6
28. Be3 Rcb8 29. Nbc3 Bg7 30. Nd5 b5 31. cxb5 Nb4 32. b6 Ne5 33. Qe2 h4 34. f4
Nd7 35. Nc7 hxg3 36. hxg3 Nf6 37. Bd4 e5 38. fxe5 Bh6 39. exf6 Bxd2 40. Qxd2
1-0

[Event "España ch 2010 sub-14"]
[Site "Linares ESP"]
[Date "2010.07.18"]
[Round "9.2"]
[White "Escudero Manzano, Alejandro"]
[Black "Shen, Yue"]
[Result "1-0"]
[WhiteElo "2125"]
[BlackElo "1849"]
[PlyCount "111"]
[EventDate "2010.07.13"]
[EventType "swiss"]
[EventRounds "9"]
[EventCountry "ESP"]
[Source "lmi"]
[SourceDate "2010.07.13"]

1. e4 c5 2. Nf3 d6 3. d4 cxd4 4. Qxd4 Nc6 5. Bb5 Bd7 6. Bxc6 Bxc6 7. Nc3 Nf6 8.
Bg5 h6 9. Bh4 g5 10. Bg3 Bg7 11. O-O-O Qa5 12. Qd3 O-O 13. Nd4 Kh8 14. Kb1 Rac8
15. f3 Bd7 16. Rhe1 Ng8 17. e5 Qb6 18. exd6 exd6 19. Nd5 Qc5 20. Nb3 Qc6 21.
Nb4 Qc4 22. Qxc4 Rxc4 23. Bxd6 Rfc8 24. Na5 Rh4 25. Nxb7 Be6 26. a3 g4 27. Bg3
Rh5 28. fxg4 Bxg4 29. Rd8 Rxd8 30. Nxd8 f6 31. Ne6 Rb5 32. Nxg7 Kxg7 33. Re4
Bf5 34. Rd4 Ne7 35. Bd6 Nc8 36. Bf4 Nb6 37. Bc7 Nc8 38. Rd5 Rxd5 39. Nxd5 Kf7
40. Bd8 Be4 41. Nxf6 Bxg2 42. Nh5 Ne7 43. Bxe7 Kxe7 44. c4 Kd6 45. Kc2 Ke5 46.
Kc3 Kf5 47. Kd4 Kg5 48. Ng3 Kg4 49. c5 Bf3 50. Ke5 Kh3 51. Kf4 Bg4 52. Nf5 h5
53. c6 Be2 54. c7 Ba6 55. Nd6 Kxh2 56. b4 1-0

[Event "España ch 2010 sub-14"]
[Site "Linares ESP"]
[Date "2010.07.18"]
[Round "9.3"]
[White "Gutierrez Valero, Mario"]
[Black "Ballester Llagaria, Luis Eduard"]
[Result "1-0"]
[WhiteElo "2071"]
[BlackElo "2056"]
[PlyCount "87"]
[EventDate "2010.07.13"]
[EventType "swiss"]
[EventRounds "9"]
[EventCountry "ESP"]
[Source "lmi"]
[SourceDate "2010.07.13"]

1. d4 d5 2. Nf3 c5 3. c4 e6 4. cxd5 exd5 5. g3 Nc6 6. Bg2 c4 7. O-O Nf6 8. Nc3
Be7 9. Bg5 O-O 10. Ne5 Be6 11. Qd2 Nd7 12. Bxe7 Nxe7 13. Rfd1 Nf6 14. b3 cxb3
15. axb3 Qd6 16. Rdc1 Rfc8 17. Na4 b6 18. Rxc8+ Rxc8 19. Nb2 Qc7 20. Nbd3 Ne4
21. Qb2 f6 22. Nf3 a5 23. Rc1 Qd7 24. Nd2 Nxd2 25. Qxd2 Qb5 26. Rxc8+ Bxc8 27.
Qc3 Bf5 28. Qc7 Bd7 29. Nf4 Qc6 30. Qb8+ Kf7 31. h4 Qc1+ 32. Kh2 Qc6 33. Qh8
Bf5 34. Nh5 g6 35. Qg7+ Ke6 36. Nxf6 b5 37. Nxh7 Kd7 38. Nf6+ Ke6 39. Ng8 Nxg8
40. Qxg8+ Kd6 41. Qd8+ Bd7 42. Qxa5 Qc2 43. Qb4+ Ke6 44. Bh3+ 1-0

[Event "España ch 2010 sub-14"]
[Site "Linares ESP"]
[Date "2010.07.18"]
[Round "9.4"]
[White "Valero Gutierrez, Alvaro"]
[Black "Suarez Garcia, Carlos"]
[Result "0-1"]
[WhiteElo "1847"]
[BlackElo "2200"]
[PlyCount "50"]
[EventDate "2010.07.13"]
[EventType "swiss"]
[EventRounds "9"]
[EventCountry "ESP"]
[Source "lmi"]
[SourceDate "2010.07.13"]

1. e4 c5 2. Nf3 e6 3. d4 cxd4 4. Nxd4 Nc6 5. Nc3 Qc7 6. Be3 a6 7. Be2 Nf6 8.
O-O Bb4 9. Bd3 Ne5 10. f4 Nfg4 11. Bd2 Bc5 12. Nce2 Qb6 13. Bc3 Ne3 14. Qd2
Nxf1 15. Kxf1 Nxd3 16. cxd3 O-O 17. e5 Qd8 18. Nf3 d5 19. Qc2 Bd7 20. d4 Be7
21. Qb3 b5 22. Nd2 a5 23. a3 b4 24. axb4 axb4 25. Rxa8 Qxa8 0-1

[Event "España ch 2010 sub-14"]
[Site "Linares ESP"]
[Date "2010.07.18"]
[Round "9.5"]
[White "Rubio Tent, Francisco"]
[Black "Martin Duque, Jesus"]
[Result "0-1"]
[WhiteElo "1954"]
[BlackElo "2073"]
[PlyCount "96"]
[EventDate "2010.07.13"]
[EventType "swiss"]
[EventRounds "9"]
[EventCountry "ESP"]
[Source "lmi"]
[SourceDate "2010.07.13"]

1. e4 e6 2. d4 d5 3. Nc3 Bb4 4. e5 c5 5. a3 Bxc3+ 6. bxc3 Qa5 7. Bd2 Qa4 8. Qg4
g6 9. Ra2 Nc6 10. Nf3 h6 11. Bd3 Bd7 12. O-O O-O-O 13. Rb1 c4 14. Be2 Nge7 15.
Qf4 Nf5 16. Be1 g5 17. Qc1 g4 18. Nd2 Rdg8 19. Qb2 b6 20. Nf1 h5 21. Ng3 Nfe7
22. Nf1 Rg6 23. Bd2 Ng8 24. Re1 f5 25. Bd1 Nge7 26. Ng3 h4 27. Ne2 Rg7 28. Qc1
Rhg8 29. Nf4 Rh7 30. f3 Nd8 31. Qb2 Nec6 32. fxg4 fxg4 33. Rf1 Nf7 34. Ne2 Ne7
35. Qb4 Nf5 36. Rxf5 exf5 37. e6 Ng5 38. Bxg5 Rxg5 39. exd7+ Qxd7 40. Qf8+ Kb7
41. Qf6 Rg8 42. Nf4 Re8 43. Kf2 Qc7 44. Qxf5 Rf7 45. Qxd5+ Kb8 46. g3 Rxf4+ 47.
Kg2 h3+ 48. Kg1 Rh8 0-1

[Event "España ch 2010 sub-14"]
[Site "Linares ESP"]
[Date "2010.07.18"]
[Round "9.6"]
[White "Ventura Bolet, Maxim"]
[Black "Moreno Ibañez, Miguel"]
[Result "0-1"]
[WhiteElo "1846"]
[BlackElo "1946"]
[PlyCount "132"]
[EventDate "2010.07.13"]
[EventType "swiss"]
[EventRounds "9"]
[EventCountry "ESP"]
[Source "lmi"]
[SourceDate "2010.07.13"]

1. c4 e5 2. g3 Nc6 3. Bg2 f5 4. Nc3 Nf6 5. e3 Bb4 6. Nd5 Nxd5 7. cxd5 Ne7 8.
Qh5+ Kf8 9. b3 d6 10. Qh4 Ba5 11. Bb2 Bd7 12. b4 Bb6 13. Qc4 Qe8 14. Qc3 Qf7
15. a4 Nxd5 16. Bxd5 Qxd5 17. f3 a5 18. b5 Be6 19. Ne2 Qc4 20. f4 Qxc3 21. Bxc3
e4 22. Nd4 Bd7 23. Ke2 Kf7 24. Rhc1 Rhg8 25. Rc2 h6 26. Rac1 g5 27. Rf1 g4 28.
Rfc1 h5 29. Kf2 Rg6 30. Ne2 c5 31. bxc6 bxc6 32. Rb2 Bc5 33. Rcb1 Rh6 34. Rb7
Ke6 35. Nd4+ Bxd4 36. Bxd4 c5 37. Bc3 Bxa4 38. Ra1 Bc6 39. Rc7 Kd5 40. Rxa5
Rxa5 41. Bxa5 h4 42. Kg2 hxg3 43. hxg3 Bb5 44. Rf7 Ke6 45. Rb7 Be2 46. Bc3 Bf3+
47. Kg1 Rh1+ 48. Kf2 Rh2+ 49. Kf1 Rg2 50. Rh7 Rxg3 51. Rh6+ Kd5 52. Rh5 Rh3 53.
Rxh3 gxh3 54. Kg1 Kc4 55. Kh2 Bg4 56. Kg3 d5 57. Kh2 Kd3 58. Kg3 d4 59. exd4
cxd4 60. Ba5 Ke2 61. Bb4 d3 62. Bc3 e3 63. dxe3 Kxe3 64. Ba5 d2 65. Bxd2+ Kxd2
66. Kf2 Kd3 0-1

[Event "España ch 2010 sub-14"]
[Site "Linares ESP"]
[Date "2010.07.18"]
[Round "9.7"]
[White "Perez Cabas, Jose"]
[Black "Segura Santos, Luis"]
[Result "1/2-1/2"]
[WhiteElo "1873"]
[BlackElo "1788"]
[PlyCount "74"]
[EventDate "2010.07.13"]
[EventType "swiss"]
[EventRounds "9"]
[EventCountry "ESP"]
[Source "lmi"]
[SourceDate "2010.07.13"]

1. e4 c5 2. Nf3 e6 3. d4 cxd4 4. Nxd4 Nf6 5. Nc3 Nc6 6. Ndb5 Bb4 7. a3 Bxc3+ 8.
Nxc3 d5 9. Bd3 dxe4 10. Nxe4 Nxe4 11. Bxe4 Qxd1+ 12. Kxd1 Bd7 13. Be3 f5 14.
Bf3 e5 15. Re1 O-O 16. Kc1 e4 17. Bh5 Be6 18. b3 Rad8 19. Kb2 Bf7 20. Be2 Rd7
21. Rad1 Rfd8 22. Rxd7 Rxd7 23. Rd1 Rxd1 24. Bxd1 b6 25. c4 Ne5 26. Be2 Be8 27.
c5 b5 28. Bf4 Nf7 29. f3 Nd8 30. fxe4 fxe4 31. Bg4 Kf7 32. Kc3 Ne6 33. Bd6 a5
34. Bf5 Bc6 35. Bg4 Kf6 36. h4 g6 37. Bd1 h5 1/2-1/2

[Event "España ch 2010 sub-14"]
[Site "Linares ESP"]
[Date "2010.07.18"]
[Round "9.8"]
[White "Romero Calduch, Sergio"]
[Black "Herrera Gonzalez, Javier"]
[Result "0-1"]
[WhiteElo "1734"]
[BlackElo "1868"]
[PlyCount "44"]
[EventDate "2010.07.13"]
[EventType "swiss"]
[EventRounds "9"]
[EventCountry "ESP"]
[Source "lmi"]
[SourceDate "2010.07.13"]

1. d4 e6 2. c4 Nf6 3. Nf3 Bb4+ 4. Bd2 Qe7 5. g3 b6 6. Bg2 Bb7 7. a3 Bxd2+ 8.
Nbxd2 c5 9. dxc5 bxc5 10. O-O d6 11. Qc2 Nc6 12. Qa4 O-O 13. b4 Nd4 14. Nxd4
cxd4 15. Bxb7 Qxb7 16. Nb3 e5 17. c5 Qd5 18. cxd6 Ne4 19. Qa5 Qxb3 20. Qxe5 Nc3
21. Rfe1 Qe6 22. Qh5 Rfe8 0-1

[Event "España ch 2010 sub-14"]
[Site "Linares ESP"]
[Date "2010.07.18"]
[Round "9.9"]
[White "Navarrete Espi, Samuel"]
[Black "Serarols Mabras, Bernat"]
[Result "1-0"]
[WhiteElo "2057"]
[BlackElo "1827"]
[PlyCount "74"]
[EventDate "2010.07.13"]
[EventType "swiss"]
[EventRounds "9"]
[EventCountry "ESP"]
[Source "lmi"]
[SourceDate "2010.07.13"]

1. e4 Nf6 2. e5 Nd5 3. d4 d6 4. c4 Nb6 5. exd6 exd6 6. Nc3 Be7 7. Nf3 Bf5 8.
Be3 Nc6 9. b3 O-O 10. Be2 Bf6 11. O-O Re8 12. h3 h6 13. Qd2 d5 14. c5 Nc8 15.
Rad1 N8e7 16. g4 Be6 17. Ne1 Ng6 18. f4 Nf8 19. Ng2 Nh7 20. Bf3 g6 21. Qf2 Ne7
22. Be2 Qc8 23. Bd3 Bd7 24. f5 g5 25. Ne2 Bh8 26. h4 Bf6 27. Ng3 Nc6 28. Bb1
Qd8 29. Nh5 a5 30. Ne1 Qe7 31. Ng2 Qd8 32. hxg5 Nxg5 33. Bxg5 Bxg5 34. Ngf4 Bc8
35. Qg2 Ne7 36. f6 Bxf4 37. Rxf4 Ng6 1-0

[Event "España ch 2010 sub-14"]
[Site "Linares ESP"]
[Date "2010.07.18"]
[Round "9.10"]
[White "Acosta Sosa, Juan Manuel"]
[Black "Galvan Prieto, Albano"]
[Result "1/2-1/2"]
[WhiteElo "2023"]
[BlackElo "1807"]
[PlyCount "120"]
[EventDate "2010.07.13"]
[EventType "swiss"]
[EventRounds "9"]
[EventCountry "ESP"]
[Source "lmi"]
[SourceDate "2010.07.13"]

1. d4 e6 2. c4 d5 3. Nc3 Nf6 4. cxd5 exd5 5. Bg5 Be7 6. e3 c6 7. Bd3 Bg4 8. Nf3
Nbd7 9. O-O O-O 10. Rb1 Bh5 11. b4 Bg6 12. b5 Ne4 13. Bxe7 Qxe7 14. Qc2 Rac8
15. Bxe4 dxe4 16. Nd2 Nf6 17. Qb3 cxb5 18. Nxb5 a6 19. Nc3 Qd6 20. h3 b5 21.
Rfc1 Bf5 22. Qb2 Rfe8 23. a4 bxa4 24. Nxa4 Rb8 25. Qa1 Nd5 26. Nc5 Nb4 27. Qa3
Nd3 28. Qxa6 Qxa6 29. Nxa6 Nxc1 30. Rxb8 Rxb8 31. Nxb8 Ne2+ 32. Kf1 Nc3 33. Nc6
Bd7 34. Ne5 Be6 35. f3 exf3 36. Nexf3 f5 37. Kf2 h6 38. h4 g6 39. Kg3 Kg7 40.
Ne1 Kf6 41. Nd3 g5 42. Nc5 Bd5 43. Nd7+ Ke6 44. Nc5+ Kf6 45. Nd7+ Ke6 46. Nb6
Bc6 47. hxg5 hxg5 48. Nf3 Ne4+ 49. Kh2 g4 50. Ne5 Be8 51. Nd3 Kd6 52. Nc4+ Kd5
53. Nce5 Kd6 54. Nf4 Bb5 55. Nh5 Ke6 56. Ng3 Nf2 57. Nh5 Nd1 58. Nf4+ Kd6 59.
e4 fxe4 60. Nxg4 e3 1/2-1/2

[Event "España ch 2010 sub-14"]
[Site "Linares ESP"]
[Date "2010.07.18"]
[Round "9.11"]
[White "Orantes Taboada, Manuel"]
[Black "Forsberg Conde, Martin"]
[Result "1-0"]
[WhiteElo "1785"]
[BlackElo "2010"]
[PlyCount "83"]
[EventDate "2010.07.13"]
[EventType "swiss"]
[EventRounds "9"]
[EventCountry "ESP"]
[Source "lmi"]
[SourceDate "2010.07.13"]

1. e4 e5 2. Nf3 Nc6 3. Bb5 a6 4. Bxc6 dxc6 5. O-O Ne7 6. Nxe5 Qd4 7. Nf3 Qxe4
8. Re1 Qg6 9. Ne5 Qf5 10. Qf3 f6 11. Nd3 Qxf3 12. gxf3 Bf5 13. Nc5 b6 14. Ne4
O-O-O 15. d3 Ng6 16. Be3 Bb4 17. c3 Bd6 18. Nbd2 Ne5 19. Nxd6+ Rxd6 20. d4 Nd3
21. Nc4 Re6 22. Re2 Rhe8 23. Rd2 g5 24. b3 Nf4 25. Nb2 Nd5 26. Nd1 Bg6 27. c4
Nf4 28. Nc3 Bh5 29. Bxf4 gxf4 30. Rd3 Rg8+ 31. Kh1 Re3 32. Rxe3 fxe3 33. h4
Bxf3+ 34. Kh2 e2 35. Kh3 f5 36. Re1 f4 37. a3 Bg4+ 38. Kh2 f3 39. Kg3 h5 40.
Kf4 Kd7 41. Ne4 b5 42. Nf6+ 1-0

[Event "España ch 2010 sub-14"]
[Site "Linares ESP"]
[Date "2010.07.18"]
[Round "9.12"]
[White "Fernandez Gil, Ruben Carlos"]
[Black "Capote Robayna, Nathaniel"]
[Result "1/2-1/2"]
[WhiteElo "1721"]
[BlackElo "1970"]
[PlyCount "80"]
[EventDate "2010.07.13"]
[EventType "swiss"]
[EventRounds "9"]
[EventCountry "ESP"]
[Source "lmi"]
[SourceDate "2010.07.13"]

1. e4 e6 2. d3 d5 3. Nd2 Nf6 4. Ngf3 b6 5. g3 dxe4 6. dxe4 Bb7 7. Qe2 Nc6 8. c3
e5 9. Bg2 Be7 10. O-O O-O 11. Rd1 Qc8 12. b4 a6 13. Nc4 Re8 14. Bb2 Bf8 15. a4
Nxe4 16. Qxe4 Nd4 17. Qe3 Nc2 18. Qe2 Nxa1 19. Bxa1 e4 20. Ng5 h6 21. Bh3 Qb8
22. Nxf7 Bc8 23. Bxc8 Qxc8 24. Nce5 Qe6 25. Rd4 Re7 26. Rxe4 Rae8 27. f3 Qb3
28. Bb2 Rxf7 29. Nxf7 Rxe4 30. Nxh6+ gxh6 31. fxe4 Qe6 32. Qd3 c6 33. Qf3 Bg7
34. Qf5 Qb3 35. Qf2 Qxa4 36. Qxb6 Qd1+ 37. Kg2 Qe2+ 38. Qf2 Qxe4+ 39. Kh3 Qe6+
40. Kg2 Qe4+ 1/2-1/2

[Event "España ch 2010 sub-14"]
[Site "Linares ESP"]
[Date "2010.07.18"]
[Round "9.13"]
[White "Nicolas Zapata, Irene"]
[Black "Lopez Caudevilla, David"]
[Result "1-0"]
[WhiteElo "1962"]
[BlackElo "1635"]
[PlyCount "71"]
[EventDate "2010.07.13"]
[EventType "swiss"]
[EventRounds "9"]
[EventCountry "ESP"]
[Source "lmi"]
[SourceDate "2010.07.13"]

1. d4 Nf6 2. Nf3 g6 3. g3 Bg7 4. Bg2 O-O 5. O-O d6 6. c4 c6 7. Nc3 Nbd7 8. Qc2
Re8 9. Rd1 Qc7 10. e4 e5 11. h3 b5 12. cxb5 cxb5 13. Qb3 a6 14. Be3 Nb6 15.
Rac1 Nc4 16. Bg5 Qa7 17. a4 Qb8 18. Qb4 Bd7 19. dxe5 Nxe5 20. Nxe5 Rxe5 21. Bf4
Re8 22. Bxd6 Qa7 23. e5 Rac8 24. exf6 a5 25. Qf4 Rc4 26. Qd2 Bxf6 27. Nd5 Bg7
28. Rxc4 bxc4 29. Bf4 Bxa4 30. Ra1 Qd7 31. Qxa5 Bb3 32. Nc3 Qd3 33. Qb5 Rf8 34.
Be4 Qd4 35. Be3 Qf6 36. Ra6 1-0

[Event "España ch 2010 sub-14"]
[Site "Linares ESP"]
[Date "2010.07.18"]
[Round "9.14"]
[White "Jimenez Almeida, Luis David"]
[Black "Martin Prior, Francisco Jose"]
[Result "0-1"]
[WhiteElo "1936"]
[BlackElo "1710"]
[PlyCount "80"]
[EventDate "2010.07.13"]
[EventType "swiss"]
[EventRounds "9"]
[EventCountry "ESP"]
[Source "lmi"]
[SourceDate "2010.07.13"]

1. g3 d5 2. Nf3 Bg4 3. Bg2 c6 4. d4 Nd7 5. O-O Ngf6 6. Bf4 e6 7. Nbd2 Be7 8.
Rc1 O-O 9. h3 Bh5 10. c3 Re8 11. g4 Bg6 12. Nh4 Bf8 13. Nxg6 hxg6 14. e4 dxe4
15. Nxe4 Nxe4 16. Bxe4 g5 17. Bg3 Nf6 18. Bb1 Bd6 19. Qd3 Kf8 20. Rce1 Ng8 21.
Kg2 Bxg3 22. fxg3 Qd5+ 23. Kh2 e5 24. Rf5 f6 25. Ref1 Qb5 26. Qc2 Nh6 27. Rxg5
Qxf1 28. Rxg7 Kxg7 29. Qg6+ Kf8 30. Qxh6+ Ke7 31. Qg7+ Kd6 32. Bf5 Rad8 33.
dxe5+ fxe5 34. Qxb7 Qf2+ 35. Kh1 Qb6 36. Qf7 Qxb2 37. c4 Qa1+ 38. Kg2 Qxa2+ 39.
Kg1 Kc5 40. Bd7 Qb1+ 0-1